| 000 | 00969nam a2200229 a 4500 | ||
|---|---|---|---|
| 001 | 48252 | ||
| 003 | BD-RjUL | ||
| 005 | 20211209054503.0 | ||
| 008 | 160813s1984 bg ||||| |||| 00| e en d | ||
| 035 | _a(BD-RjUL)48371 | ||
| 040 |
_aBD-RjUL _bben _cBD-RjUL _dBD-RjUL |
||
| 041 | _aeng | ||
| 082 |
_223 _bCHB 1984 _a327.54920591 |
||
| 100 | 1 |
_aচক্রবর্তী, রতন লাল _9122805 |
|
| 245 | 1 | 0 |
_aবাংলাদেশ-বার্মা সম্পর্ক (১৭৮৫-১৮২৪) / _cরতন লাল চক্রবর্তী |
| 260 |
_aঢাকা : _bঢাকা বিশ্ববিদ্যালয়, _c১৯৮৪ |
||
| 300 |
_a২৪২ পৃ. ; _c২১ সেমি. |
||
| 500 | _aনির্ঘন্ট সংযুক্ত | ||
| 650 |
_aবিদেশী সম্পর্ক _zবাংলাদেশ-বার্মা _9146140 |
||
| 650 |
_aForeign relations _zBangladesh-Barma _9146141 |
||
| 942 |
_2ddc _cBK |
||
| 999 |
_c48252 _d48252 |
||